Sivil toplumda siyaset ve din (Record no. 8216)

MARC details
000 -BAŞLIK
Sabit Uzunlukta Kontrol Alanı 01390na a2200361 4500
001 - KONTROL NUMARASI
Denetim Alanı 16270
003 - KONTROL NUMARASI IDENTIFIER
Denetim Alanı MIRAKIL
005 - SON İŞLEM TARİHİ VE ZAMANI
Denetim Alanı 20181213155204.0
008 - SABİT-BOY VERİ ELEMANLARI - GENEL BİLGİLER
Sabit Uzunlukta Kontrol Alanı 161003b tu 000 0
020 ## - ULUSLARARASI STANDART KİTAP NUMARASI
Uluslararası Standart Kitap Numarası 9757218170
035 ## - SİSTEM KONTROL NUMARASI
Sistem Kontrol Numarası 16270
040 ## - KATALOGLAMA KAYNAK
Orijinal Kataloglama Ajansı Milas
Kataloglama Dili tur
Metne Dönüştürmek Ajansı TR-AnCHP
041 ## - DİL KODU
Metin / Ses Parça Veya Ayrı Başlığın Dil Kodu tur
-- eng
082 ## - DEWEY ONLU SINIFLANDIRMA NUMARASI
Sınıflandırma Numarası 320
Ürün Numarası S58s 1999
090 ## - SINIFLAMA NUMARASI
Sınıflama Numarası 320 S58s 1999
111 ## - ANA GİRİŞ - TOPLANTI ADI
Giriş Elemanı Olarak Toplantı Adı Veya Yargı Alanı Adı Sivil Toplumda Siyaset ve Din
Toplantının Yeri Kapadokya
Toplantı Veya Antlaşma İmzalandığı Tarihi 1999
245 ## - BAŞLIK TABLOSU
Başlık Sivil toplumda siyaset ve din
Sorumluluk Tablosu, Vb Editör Yahya Sezai Tezel
260 ## - YAYIN, DAĞITIM, VB
Yayın, Dağıtım, Vb Yeri Ankara
Yayıncı, Dağıtıcı, Vs Adı Liberal Düşünce Topluluğu
Yayın, Dağıtım, Vb Tarihi 1999
300 ## - FİZİKSEL TANIM
Kapsam xi, 209 s.
Boyutlar 24 sm.
500 ## - GENEL NOT
Genel Not Liberal Düşünce Topluluğu'nun, Arı Düşünce ve Toplumsal Gelişim Derneği ve Friedrich Naumann Vakfıyla birlikte 4-7 Kasım 1999 tarihinde gerçekleştirdiği sempozyum bildirileri
546 ## - DİL NOTU
Dil Notu Eser Türkçe ve İngilizce metinler içermektedir.
650 ## - KONU KATMA GİRİŞ - TOPİKAL DÖNEM
Topikal Süreli Veya Coğrafi Ad Giriş Elemanı Dünya politikası
650 ## - KONU KATMA GİRİŞ - TOPİKAL DÖNEM
Topikal Süreli Veya Coğrafi Ad Giriş Elemanı Din azınlıkları
Genel Alt Bölümü Siyasal kültür
Kronolojik Alt Bölümü Toplantılar
Coğrafi Alt Bölümü İslam ülkeleri
650 ## - KONU KATMA GİRİŞ - TOPİKAL DÖNEM
Topikal Süreli Veya Coğrafi Ad Giriş Elemanı Din ve siyaset
Kronolojik Alt Bölümü Toplantılar
650 ## - KONU KATMA GİRİŞ - TOPİKAL DÖNEM
Topikal Süreli Veya Coğrafi Ad Giriş Elemanı Sivil toplum
Genel Alt Bölümü İslam ülkeleri
Kronolojik Alt Bölümü Toplantılar
651 ## - KONU KATMA GİRİŞ - COĞRAFİ ADI
Coğrafi İsim İslam ülkeleri
Genel Alt Bölümü Siyaset ve yönetim
Kronolojik Alt Bölümü Tarih
700 ## - KATMA GİRİŞ - KİŞİSEL İSİM
Kişisel Ad Tezel, Yahya Sezai
710 ## - KATMA GİRİŞ - KURUMSAL ADI
Giriş Elemanı Olarak Kurumsal Ad Veya Yargı Alanı Adı Liberal Düşünce Topluluğu
710 ## - KATMA GİRİŞ - KURUMSAL ADI
Giriş Elemanı Olarak Kurumsal Ad Veya Yargı Alanı Adı Friedrich Naumann Vakfı
710 ## - KATMA GİRİŞ - KURUMSAL ADI
Giriş Elemanı Olarak Kurumsal Ad Veya Yargı Alanı Adı Arı Düşünce ve Toplumsal Gelişim Derneği
942 ## - EKLENDİ GİRİŞ ELEMANLARI (KOHA)
Sınıflandırma Veya Raf Düzeni Kaynak
Koha Öğesi Türü Books
999 ## - SİSTEM KONTROL NUMARALARI (KOHA)
Koha Biblionumber 8216
Koha Biblioitemnumber 8216
657 ## - INDEX SÜRE - İŞLEVİ
-- İslam ülklerinde siyaset
Holdings
Kalıcı Konum Mevcut Konum Edinme Tarihi Edinim Kaynak Toplam Check-Out'Lar Tam Çağrı Numarası Barkod Tarih Son Görülme İtibaren Geçerli Fiyatlar Koha Öğesi Türü
CHP Kütüphanesi CHP Kütüphanesi 10/02/2016 Bağış   320 S58s 1999 005164 10/02/2016 10/02/2016 Books